| 000 | 00751nam a2200229Ia 4500 | ||
|---|---|---|---|
| 005 | 20241129105805.0 | ||
| 008 | 241129s9999||||xx |||||||||||||| ||und|| | ||
| 020 | _a978-93-5388-679-0 | ||
| 037 | _aTB | ||
| 040 |
_aARTS _beng _cARTS |
||
| 041 |
_aeng _2eng |
||
| 084 |
_aW.231 R1 _qARTS |
||
| 100 |
_aPalshikar Suhas Au.; Deshpande Rajeshwari Au. _9724745 |
||
| 245 | 0 |
_aLast fortress of congress dominance: Maharashtra since the 1998s _cPalshikar Suhas Au.; Deshpande Rajeshwari Au. |
|
| 260 |
_aLas, USA _bLas Angeles Sage _c2022 |
||
| 300 | _axxvii,280p. | ||
| 365 |
_aINR _b1295 |
||
| 490 | _aSage series on politics in indian states; Vol. 5 | ||
| 650 | _aPolitical Science | ||
| 942 |
_cTB _hW.231 R1 |
||
| 999 |
_c1225946 _d1225946 |
||